| 000 | 00941nam a2200229 a 4500 | ||
|---|---|---|---|
| 001 | 59916 | ||
| 003 | BD-RjUL | ||
| 005 | 20211209080800.0 | ||
| 008 | 161227s1981 bg ||||| |||| 00| 0 ben d | ||
| 035 | _a(BD-RjUL)60040 | ||
| 040 |
_aBD-RjUL _bben _cBD-RjUL |
||
| 041 | _aben | ||
| 082 |
_223 _a335.43 _bLEV 1981 |
||
| 100 |
_aলেনিন, ভ.ই. _9178231 |
||
| 245 | 1 | 0 |
_aভ.ই. লেনিন নির্বাচিত রচনাবলি : _bবার খণ্ডে / _cভ.ই. লেনিন |
| 260 |
_aমস্কো : _bপ্রগতি প্রকাশন, _c১৯৮১ |
||
| 300 |
_a১২ খণ্ড. ; _c২১ সেমি. |
||
| 505 | 0 | _aখণ্ড. ৭ -- ১৯১৭-১৯১৮ খণ্ড ১২, ১৯২১-১৯২৩ -- | |
| 650 |
_aমার্ক্সিয়ান (লেনিনতত্ত্ব) _9178232 |
||
| 650 |
_aMarxian (Lennism) _9178233 |
||
| 942 |
_2ddc _cBK |
||
| 999 |
_c59916 _d59916 |
||